00613nam a22001937a 450000500170000000800410001702000180005804000210007604100080009708200130010510000290011824501230014725000120027026000450028230000100032765000220033770000370035970000230039620201127124955.0201127b ||||| |||| 00| 0 eng d a9789382976905 aIN-DiNCcIN-DiNC deng a327bSAR aSarkar, Tanusreeeauthor aPerspectives on international relations and world politics/cby Tanusree Sarkar, Partha Protim Borthakur and Jhuma Das a1st ed. aGolaghat:bSaraswati publications,c2020 a310p. aPolitical science aBorthakur, Partha Protimeauthor aDas, Jhumaeauthor